| 000 | 00780nam0a2200253 4500 | ||
|---|---|---|---|
| 001 | RU\NLR\bibl\1070377 | ||
| 005 | 20250615043309.0 | ||
| 010 | _a5-9287-1396-7 | ||
| 021 |
_aRU _b2007-13757 _9737 |
||
| 035 | _a(NLR Aleph) 001057610 | ||
| 090 |
_a918173 _c918173 |
||
| 100 | _a20070409d2006 |||y0rusy50 ca | ||
| 101 | 1 |
_arus _cund |
|
| 102 | _aRU | ||
| 105 | _aa ||||||||| | ||
| 200 | 1 |
_aМышка-Плясунья _f[пер. Н. Кирилловой] |
|
| 210 |
_aМосква _cЛабиринт Пресс _dcop. 2006 |
||
| 215 |
_a[16] с., [2] л. цв. наклеек _cцв. ил. _d27 |
||
| 225 | 1 | _aСказки о животных с наклейками | |
| 801 | 0 |
_aRU _bNLR _c20070409 _gRCR |
|
| 801 | 1 |
_aRU _bNLR _c20070409 |
|
| 942 | _cBOOK | ||
| 980 | _aNB | ||